Statistics for Cities Beginning With "L" on a Map

Click here to take the quiz!

General Stats

  • This quiz has been taken 41,718 times
  • The average score is 14 of 26

Answers on the Map

Answers color-coded by a green-red scale on the quiz's map according to % correct below.
 

Answer Stats

City% Correct
London
96%
Los Angeles
96%
Lisbon
94%
Lima
90%
Las Vegas
86%
Lyon
74%
Lagos
71%
La Paz
71%
Leeds
64%
Ljubljana
63%
Luanda
60%
Lahore
55%
Limerick
54%
Luxor
53%
Lusaka
47%
Lille
46%
Leipzig
45%
Lilongwe
41%
Libreville
40%
Lviv
38%
Lhasa
37%
Las Palmas
28%
Lucknow
22%
Larnaca
19%
Lubumbashi
13%
Lanzhou
11%

Score Distribution

Percentile by Number Answered

Percent of People with Each Score

Your Score History

You have not taken this quiz